<?xml version="1.0" encoding="UTF-8"?>
<record
    xmlns:xsi="http://www.w3.org/2001/XMLSchema-instance"
    xsi:schemaLocation="http://www.loc.gov/MARC21/slim http://www.loc.gov/standards/marcxml/schema/MARC21slim.xsd"
    xmlns="http://www.loc.gov/MARC21/slim">

  <leader>01535nam a22001697a 4500</leader>
  <datafield tag="999" ind1=" " ind2=" ">
    <subfield code="c">26610</subfield>
    <subfield code="d">26610</subfield>
  </datafield>
  <datafield tag="020" ind1=" " ind2=" ">
    <subfield code="a">9781107164956</subfield>
  </datafield>
  <datafield tag="082" ind1=" " ind2=" ">
    <subfield code="a">330.954</subfield>
    <subfield code="b">POL-</subfield>
  </datafield>
  <datafield tag="245" ind1=" " ind2=" ">
    <subfield code="a">Political Economy Of Contemporary India </subfield>
  </datafield>
  <datafield tag="260" ind1=" " ind2=" ">
    <subfield code="a">Delhi </subfield>
    <subfield code="b">Cambridge University Press </subfield>
    <subfield code="c">2017</subfield>
  </datafield>
  <datafield tag="300" ind1=" " ind2=" ">
    <subfield code="a">xii,371p.</subfield>
  </datafield>
  <datafield tag="504" ind1=" " ind2=" ">
    <subfield code="a">Include Index</subfield>
  </datafield>
  <datafield tag="520" ind1=" " ind2=" ">
    <subfield code="a">The need to understand regional variation in politics and political economy, and how these have contributed to different developmental outcomes across various parts of India, remains pressing. It was suggested in the early 1960s that in India the central government was largely under the control of a national capitalist class, while the states were dominated by landed interests. Does such a formulation hold ground today? With increasing political mobilization among lower classes and castes and the diffusion of economic power to the state level after the reforms, how can variation in regional development be characterized? This volume aims to answer these questions by studying aspects of macro-economy, land, labour and employment from a variety of analytical and disciplinary perspectives. It offers rich analyses of economic growth viewed through the lenses of caste, regional politics and public investment, while also looking at long-term trends in employment and wages in the public sector, and the consequences of legal and policy reform.</subfield>
  </datafield>
  <datafield tag="650" ind1=" " ind2=" ">
    <subfield code="a">Politics and government</subfield>
    <subfield code="v">Economic development</subfield>
    <subfield code="v">Economic policy</subfield>
    <subfield code="v">Social classes</subfield>
    <subfield code="z">India</subfield>
  </datafield>
  <datafield tag="700" ind1=" " ind2=" ">
    <subfield code="a">Nagaraj, R.</subfield>
  </datafield>
  <datafield tag="700" ind1=" " ind2=" ">
    <subfield code="a">Motiram, S.</subfield>
  </datafield>
  <datafield tag="942" ind1=" " ind2=" ">
    <subfield code="2">ddc</subfield>
    <subfield code="c">BK</subfield>
  </datafield>
  <datafield tag="952" ind1=" " ind2=" ">
    <subfield code="0">0</subfield>
    <subfield code="1">0</subfield>
    <subfield code="4">0</subfield>
    <subfield code="7">0</subfield>
    <subfield code="a">NASSDOC</subfield>
    <subfield code="b">NASSDOC</subfield>
    <subfield code="d">2021-02-23</subfield>
    <subfield code="e">Overseas Press India Private Limited</subfield>
    <subfield code="g">635.45</subfield>
    <subfield code="i">2021-02-18</subfield>
    <subfield code="l">0</subfield>
    <subfield code="o">330.954 POL-</subfield>
    <subfield code="p">51324</subfield>
    <subfield code="r">2021-02-23 00:00:00</subfield>
    <subfield code="v">895.00</subfield>
    <subfield code="w">2021-02-23</subfield>
    <subfield code="y">BK</subfield>
  </datafield>
</record>
